Wards of Kawasaki, Japan (with a map) - Statistics

General Stats
  • This quiz has been taken 41 times
  • The average score is 5 of 7
Answers on the Map
Answers color-coded by a green-red scale on the quiz's map according to % correct below.
 
Answer Stats
Answer % Correct
Kawasaki
100%
Tama
79%
Miyamae
76%
Saiwai
72%
Takatsu
69%
Asao
62%
Nakahara
62%
No matching quizzes found
Score Distribution
Percent of People with Each Score
Percentile by Number Answered
Your Score History
You have not taken this quiz